[Event "V. Art Pub Kupa"]
[Site "?"]
[Date "2014.08.08"]
[Round "3.1"]
[White "Berta, Sandor"]
[Black "Kovacs, David"]
[Result "0-1"]
[WhiteElo "2031"]
[BlackElo "2201"]
[PlyCount "94"]
[EventDate "2014.08.07"]
[SourceDate "2014.08.07"]

1. e4 e5 2. Nf3 Nc6 3. Be2 Nf6 4. Nc3 d5 5. exd5 Nxd5 6. O-O Nxc3 7. bxc3 Bd6
8. Bb5 O-O 9. d4 exd4 10. cxd4 Bg4 11. c3 Qf6 12. Be2 h6 13. Re1 Rad8 14. Rb1
b6 15. Qa4 Ne7 16. Ne5 Bxe2 17. Rxe2 Qh4 18. Ba3 Nd5 19. Qb3 Nf4 20. Re3 Qg5
21. g3 Bxa3 22. Qxa3 Nh3+ 23. Kg2 Nxf2 24. Rf3 Ng4 25. Nxg4 Qxg4 26. Rbf1 a5
27. Qe7 Rd7 28. Qe5 Qg6 29. R1f2 Qc6 30. Kg1 Rdd8 31. Qh5 Qd5 32. Rf5 Qc4 33.
Qf3 Rde8 34. g4 Re1+ 35. Kg2 Qe6 36. h3 Re3 37. Qf4 Rxc3 38. Re5 Qc6+ 39. d5
Qc4 40. Qf5 Qd3 41. Qxd3 Rxd3 42. Rc2 Rd8 43. Rxc7 R3xd5 44. Ree7 Rd2+ 45. Kg3
R8d3+ 46. Kf4 Rxh3 47. Rc8+ Kh7 0-1

[Event "V. Art Pub Kupa"]
[Site "?"]
[Date "2014.08.08"]
[Round "3.2"]
[White "Terbe, Julianna"]
[Black "Halak, Miklos"]
[Result "1/2-1/2"]
[WhiteElo "2030"]
[BlackElo "2197"]
[PlyCount "65"]
[EventDate "2014.08.07"]
[SourceDate "2014.08.07"]

1. e4 e5 2. Nf3 Nc6 3. Be2 Bc5 4. Nxe5 Bxf2+ 5. Kxf2 Nxe5 6. d4 Qf6+ 7. Kg1 Ng6
8. e5 Qb6 9. Nc3 N8e7 10. Na4 Qc6 11. c4 d5 12. Nc3 O-O 13. b3 f6 14. Bf3 Be6
15. exf6 Rxf6 16. Bg5 Rf5 17. Qd2 Raf8 18. Re1 h6 19. Bxe7 Nxe7 20. Qe2 Rxf3
21. gxf3 Bh3 22. Kf2 Qf6 23. Qd3 Qh4+ 24. Ke2 Bg2 25. Rhg1 Rxf3 26. Qxf3 Bxf3+
27. Kxf3 Nf5 28. Nxd5 Nxd4+ 29. Kg2 Qg4+ 30. Kh1 Qf3+ 31. Rg2 c6 32. Ne7+ Kh7
33. Ng6 1/2-1/2

[Event "V. Art Pub Kupa"]
[Site "?"]
[Date "2014.08.08"]
[Round "3.4"]
[White "Mester, Attila"]
[Black "Kormos, Adam"]
[Result "1-0"]
[WhiteElo "2006"]
[BlackElo "2144"]
[PlyCount "79"]
[EventDate "2014.08.07"]
[SourceDate "2014.08.07"]

1. e4 c5 2. Nf3 d6 3. d4 cxd4 4. Nxd4 Nf6 5. Nc3 g6 6. Be3 Bg7 7. f3 Nc6 8. Qd2
O-O 9. O-O-O d5 10. exd5 Nxd5 11. Nxc6 bxc6 12. Bd4 Bxd4 13. Qxd4 Qb6 14. Na4
Qa5 15. b3 Bf5 16. g4 Bxc2 17. Rd2 Nb4 18. Rxc2 Nxc2 19. Kxc2 Rfd8 20. Qc3 Qc7
21. Nc5 Rd5 22. Ne4 Qa5 23. Qxa5 Rxa5 24. a4 h5 25. h3 hxg4 26. hxg4 Kg7 27.
Bc4 f5 28. gxf5 Rxf5 29. Be2 Rd8 30. Kc3 a5 31. Rd1 Rfd5 32. Rd2 Rf8 33. Rd4
Rfd8 34. Rc4 Rc8 35. Nc5 e5 36. Bd3 Kf6 37. Be4 Rd1 38. Nd3 g5 39. Rc5 Ke6 40.
Rxe5+ 1-0

[Event "V. Art Pub Kupa"]
[Site "?"]
[Date "2014.08.08"]
[Round "3.5"]
[White "Nominerdene, Davaademberel"]
[Black "Karacsonyi, Gellert"]
[Result "1-0"]
[WhiteElo "2095"]
[BlackElo "1806"]
[PlyCount "53"]
[EventDate "2014.08.07"]
[SourceDate "2014.08.07"]

1. e4 e6 2. d4 d5 3. e5 c5 4. c3 Nc6 5. Nf3 cxd4 6. cxd4 Qb6 7. a3 Bd7 8. b4
Rc8 9. Be2 Nge7 10. O-O Nf5 11. Be3 Be7 12. Nbd2 O-O 13. Nb3 Qd8 14. Bd3 h6 15.
Kh1 f6 16. exf6 Bxf6 17. Rc1 Nxe3 18. fxe3 e5 19. b5 e4 20. bxc6 Bxc6 21. Bc2
exf3 22. Rxf3 Bg5 23. Rxf8+ Qxf8 24. Qd3 Bb5 25. Qxb5 Bxe3 26. Qxd5+ Kh8 27.
Qe4 1-0

[Event "V. Art Pub Kupa"]
[Site "?"]
[Date "2014.08.08"]
[Round "3.6"]
[White "Kokeny, Norbert Adrian"]
[Black "Cvetanovic, Damjan"]
[Result "1-0"]
[WhiteElo "1916"]
[BlackElo "2078"]
[PlyCount "141"]
[EventDate "2014.08.07"]
[SourceDate "2014.08.07"]

1. d4 Nf6 2. Nf3 c5 3. e3 d5 4. c3 e6 5. Bd3 Nc6 6. Nbd2 Be7 7. O-O O-O 8. Re1
a6 9. h3 b5 10. dxc5 e5 11. e4 Bxc5 12. exd5 Nxd5 13. Nb3 Bb6 14. Nxe5 Qh4 15.
Qf3 Bb7 16. g3 Nxe5 17. Rxe5 Qxh3 18. Rh5 Nf6 19. Rxh3 Bxf3 20. Bg5 Ne4 21. Be3
Bxe3 22. fxe3 Ng5 23. Rh4 Bd5 24. Nd4 g6 25. Kf2 Rfe8 26. a4 Bc4 27. Ke2 Ne4
28. Bxc4 bxc4 29. Kf3 Nf6 30. Nc6 Nd5 31. e4 Nb6 32. a5 Nd7 33. Rd1 Ne5+ 34.
Nxe5 Rxe5 35. Rd5 Ree8 36. e5 Rec8 37. Rd7 Rc6 38. Rf4 Rf8 39. Rf6 Rc5 40. Rxa6
Rxe5 41. Rc7 Rb5 42. Rb6 Rxa5 43. Rxc4 h5 44. b4 Ra2 45. Rbc6 g5 46. Rh6 g4+
47. Kf4 Rf2+ 48. Kg5 Rf3 49. Rxh5 f5 50. Kg6 Rd3 51. Rxf5 Rxg3 52. Rxf8+ Kxf8
53. Kg5 Ke7 54. Kh4 Rg1 55. Rxg4 Rc1 56. Rc4 Kd6 57. Rc5 Rg1 58. c4 Rg8 59.
Rd5+ Kc6 60. b5+ Kb6 61. Rd6+ Kc7 62. Rc6+ Kb7 63. Rd6 Kc7 64. c5 Rg1 65. b6+
Kb7 66. Rd7+ Kb8 67. c6 Rg8 68. Kh5 Kc8 69. b7+ Kb8 70. c7+ Kxb7 71. Rd8 1-0

[Event "V. Art Pub Kupa"]
[Site "?"]
[Date "2014.08.08"]
[Round "3.7"]
[White "Juhasz, Mark"]
[Black "Pasztorcsik, Janos"]
[Result "1/2-1/2"]
[WhiteElo "2210"]
[BlackElo "1997"]
[PlyCount "76"]
[EventDate "2014.08.07"]
[SourceDate "2014.08.07"]

1. Nf3 Nf6 2. c4 g6 3. b4 Bg7 4. Bb2 O-O 5. g3 a5 6. b5 c5 7. Bg2 d6 8. O-O e5
9. d3 Ra7 10. e3 b6 11. d4 exd4 12. exd4 Be6 13. Na3 Qc8 14. Re1 Bh3 15. Qd2
Bxg2 16. Kxg2 Re8 17. Qf4 Rae7 18. Qxd6 Re6 19. Qf4 Re2 20. Bc3 Nh5 21. Qd6
R8e6 22. Qd5 Nf6 23. Qa8 Ng4 24. Ne5 Rxf2+ 25. Kg1 Nxe5 26. dxe5 Rf5 27. Rad1
Bxe5 28. Bxe5 Rfxe5 29. Rxe5 Rxe5 30. Nb1 Qe8 31. Nc3 Re1+ 32. Kg2 Rxd1 33.
Nxd1 Kf8 34. Nc3 Qe5 35. Nd5 Qe2+ 36. Kg1 Qe1+ 37. Kg2 Qe2+ 38. Kg1 Qe1+
1/2-1/2

[Event "V. Art Pub Kupa"]
[Site "?"]
[Date "2014.08.08"]
[Round "3.8"]
[White "Csalami, Gabor"]
[Black "Repasi, Zoltan Sr"]
[Result "0-1"]
[WhiteElo "1794"]
[BlackElo "2090"]
[PlyCount "104"]
[EventDate "2014.08.07"]
[SourceDate "2014.08.07"]

1. e4 Nf6 2. e5 Nd5 3. d4 d6 4. Nf3 Nb6 5. exd6 cxd6 6. Bb5+ Bd7 7. Bxd7+ Qxd7
8. O-O e6 9. Re1 Be7 10. b3 Nc6 11. Bb2 d5 12. Ne5 Nxe5 13. Rxe5 Rc8 14. Ba3
O-O 15. Bxe7 Qxe7 16. Nd2 Rc3 17. Rc1 Rfc8 18. Re3 Qb4 19. Rxc3 Qxc3 20. Nf3
Nd7 21. Qd2 Nf6 22. Qxc3 Rxc3 23. Nd2 b5 24. Kf1 Kf8 25. Ke2 Ke7 26. f3 Kd6 27.
Nb1 Rc6 28. Kd3 Rb6 29. Nc3 a6 30. a4 b4 31. Ne2 Nd7 32. c3 bxc3 33. Rxc3 f6
34. Ng3 g6 35. Kc2 e5 36. Rd3 Ke6 37. Kc3 a5 38. Ne2 Nb8 39. Re3 Kd6 40. Kb2
Nc6 41. dxe5+ fxe5 42. f4 e4 43. Rh3 Rb7 44. Kc3 Kc5 45. g4 d4+ 46. Kb2 Rf7 47.
f5 Ne5 48. Ng3 Kd5 49. Rh4 e3 50. fxg6 hxg6 51. Kc1 Rf2 52. Kd1 d3 0-1

[Event "V. Art Pub Kupa"]
[Site "?"]
[Date "2014.08.08"]
[Round "3.9"]
[White "Fekete, Martin"]
[Black "Bohus, Adam"]
[Result "1/2-1/2"]
[WhiteElo "1842"]
[BlackElo "2029"]
[PlyCount "55"]
[EventDate "2014.08.07"]
[SourceDate "2014.08.07"]

1. e4 e5 2. Nc3 Nf6 3. f4 d5 4. fxe5 Nxe4 5. Nf3 Be7 6. g3 c5 7. Bg2 Nc6 8. d3
Nxc3 9. bxc3 Bg4 10. Qe2 O-O 11. O-O f6 12. exf6 Bxf6 13. Bd2 Qa5 14. h3 Bh5
15. g4 Bf7 16. Qe1 Rae8 17. Qb1 Re7 18. Qb2 d4 19. c4 Qc7 20. Rae1 Rfe8 21. Qc1
Rxe1 22. Rxe1 Rxe1+ 23. Qxe1 Qe7 24. Qf2 Ne5 25. Nxe5 Bxe5 26. Qf3 Be8 27. Qd5+
Kf8 28. Qf3+ 1/2-1/2

[Event "V. Art Pub Kupa"]
[Site "?"]
[Date "2014.08.08"]
[Round "3.10"]
[White "Pasztor, Bence"]
[Black "Gasparics, Akos"]
[Result "0-1"]
[WhiteElo "1523"]
[BlackElo "2002"]
[PlyCount "72"]
[EventDate "2014.08.07"]
[SourceDate "2014.08.07"]

1. e4 e6 2. d4 d5 3. Nd2 Nf6 4. Bd3 c5 5. c3 Nc6 6. Ngf3 Qb6 7. O-O Be7 8. Re1
O-O 9. exd5 Nxd5 10. dxc5 Bxc5 11. Ne4 Be7 12. Qc2 h6 13. b3 Bd7 14. Bb2 Rac8
15. c4 Ncb4 16. Qe2 Nf4 17. Qd2 Nfxd3 18. Re2 Bc6 19. Bd4 Nc5 20. a3 Nxb3 21.
Bxb6 Nxd2 22. Nexd2 Nc2 23. Ra2 axb6 24. Rxc2 Bxa3 25. Rc3 Bb4 26. Rb3 Ba5 27.
Ne4 Rfd8 28. h4 Rd1+ 29. Kh2 Rc1 30. Ne5 Rd8 31. Rf3 f5 32. Rd3 Rxd3 33. Nxd3
Rxc4 34. Nd2 Bxd2 35. Rxd2 Rxh4+ 36. Kg1 Rd4 0-1

[Event "V. Art Pub Kupa"]
[Site "?"]
[Date "2014.08.08"]
[Round "3.11"]
[White "Berki, Zsofi Anna"]
[Black "Kovacs, Istvan"]
[Result "0-1"]
[WhiteElo "1710"]
[BlackElo "2209"]
[PlyCount "62"]
[EventDate "2014.08.07"]
[SourceDate "2014.08.07"]

1. d4 Nf6 2. e3 e6 3. b3 c5 4. Nf3 Be7 5. Bd3 Nc6 6. O-O O-O 7. Ba3 cxd4 8.
Bxe7 Qxe7 9. Nxd4 Rd8 10. Nxc6 dxc6 11. Qe2 e5 12. e4 Be6 13. Nd2 Rd7 14. Nf3
Bg4 15. Rfd1 Rad8 16. Rd2 Nh5 17. Qe3 Bxf3 18. Qxf3 Nf4 19. Rad1 Qg5 20. g3 Ne6
21. c3 a5 22. Qe2 Nc5 23. Kg2 b5 24. Qf3 g6 25. Kf1 Kg7 26. Ke2 b4 27. cxb4
axb4 28. Qe3 Qh5+ 29. Ke1 Ne6 30. h4 Nd4 31. Kf1 Qf3 0-1

[Event "V. Art Pub Kupa"]
[Site "?"]
[Date "2014.08.08"]
[Round "3.12"]
[White "Juhasz, Bela"]
[Black "Lengyel, Andrea"]
[Result "1-0"]
[WhiteElo "2087"]
[BlackElo "1748"]
[PlyCount "59"]
[EventDate "2014.08.07"]
[SourceDate "2014.08.07"]

1. d4 d5 2. Nf3 Nf6 3. c4 dxc4 4. e3 c5 5. Bxc4 e6 6. O-O Nc6 7. Nc3 Be7 8. Qe2
cxd4 9. Rd1 O-O 10. exd4 Nd5 11. Ne4 Nf6 12. a3 b6 13. Nxf6+ Bxf6 14. d5 exd5
15. Bxd5 Qc7 16. Bg5 Bxg5 17. Nxg5 Bb7 18. Rac1 Rac8 19. Qe4 g6 20. Qh4 h5 21.
Ne4 Ba8 22. Nf6+ Kg7 23. Nxh5+ Kh7 24. Nf6+ Kg7 25. Ng4 Rh8 26. Qf6+ Kg8 27.
Qxg6+ Kf8 28. Qf6 Rh7 29. Ne5 Re8 30. f4 1-0

[Event "V. Art Pub Kupa"]
[Site "?"]
[Date "2014.08.08"]
[Round "3.13"]
[White "Schubert, Gyula"]
[Black "Persanyi, Barnabas"]
[Result "0-1"]
[WhiteElo "2033"]
[BlackElo "1737"]
[PlyCount "140"]
[EventDate "2014.08.07"]
[SourceDate "2014.08.07"]

1. d4 Nf6 2. Nf3 c5 3. c3 cxd4 4. cxd4 g6 5. Nc3 Bg7 6. e4 d6 7. h3 O-O 8. Be3
a6 9. a4 b6 10. Bd3 Bb7 11. Qd2 Re8 12. O-O Nc6 13. Bh6 Bh8 14. Bc4 e6 15. Bg5
Qd7 16. Rfe1 Rac8 17. Ba2 Nb4 18. Bb3 Rc7 19. Rad1 Nc6 20. d5 Na5 21. dxe6 fxe6
22. Ba2 Rxc3 23. bxc3 Nxe4 24. Qd3 Nxc3 25. Rd2 Nxa2 26. Rxa2 Bd5 27. Rc2 Bb3
28. Rd2 Qxa4 29. Qxd6 Nc4 30. Qc7 Nxd2 31. Nxd2 Bd5 32. Qxb6 Qb5 33. Qe3 a5 34.
Bf4 a4 35. Be5 Bxe5 36. Qxe5 Qc6 37. Ne4 Bxe4 38. Rxe4 a3 39. Re2 Qc4 40. Re4
Qb3 41. Re3 Qb1+ 42. Re1 Qb2 43. Qxb2 axb2 44. Rb1 Rb8 45. Kf1 Kf7 46. Ke2 Kf6
47. Kd2 Ke5 48. Kc2 Kd4 49. Rd1+ Ke4 50. Kb1 e5 51. Re1+ Kf4 52. Re3 Rb4 53.
Rf3+ Kg5 54. Re3 Kf5 55. Re2 e4 56. Re3 h5 57. Re2 Rb3 58. Rd2 Kf4 59. Re2 g5
60. Rd2 Rb5 61. Re2 Ke5 62. Rd2 Rb6 63. Re2 Kd4 64. Rd2+ Ke5 65. Re2 Rb4 66.
Rxb2 Rxb2+ 67. Kxb2 Kf4 68. Kc2 e3 69. Kd3 exf2 70. Ke2 Kg3 0-1

[Event "V. Art Pub Kupa"]
[Site "?"]
[Date "2014.08.08"]
[Round "3.14"]
[White "Gorog, Almos"]
[Black "Marta, Dominik"]
[Result "0-1"]
[WhiteElo "1627"]
[BlackElo "1963"]
[PlyCount "104"]
[EventDate "2014.08.07"]
[SourceDate "2014.08.07"]

1. c4 Nf6 2. g3 g6 3. Bg2 Bg7 4. Nf3 O-O 5. O-O d6 6. d4 Nbd7 7. Nc3 c5 8. dxc5
Nxc5 9. Nd4 a5 10. a3 Nfd7 11. Rb1 a4 12. Nd5 Ne5 13. Qc2 e6 14. Nb4 Qb6 15.
Rd1 Bd7 16. h3 Rac8 17. Be3 Rc7 18. b3 f5 19. f4 Nf7 20. Qd2 Rfc8 21. bxa4 Qa5
22. Nb5 Bxb5 23. axb5 Qxa3 24. Nc2 Qa2 25. Bxc5 Rxc5 26. Ne3 Qa7 27. Kh2 Qb6
28. Qb4 g5 29. Bf3 gxf4 30. gxf4 Bh6 31. Rg1+ Kf8 32. Qc3 Bxf4+ 33. Kh1 Re5 34.
Ng2 Bh6 35. Nh4 Ng5 36. Qc1 Qf2 37. Qf4 Nf7 38. Qg3 Qxg3 39. Rxg3 Rxc4 40. Ng2
Rc3 41. Ra1 Rxb5 42. Ra8+ Ke7 43. Rgg8 Rc1+ 44. Kh2 f4 45. Rae8+ Kf6 46. Bg4
Re5 47. Rb8 Rb1 48. Bf3 d5 49. Rg4 Rb4 50. e3 Rf5 51. Nh4 Rb2+ 52. Kg1 Re5 0-1

[Event "V. Art Pub Kupa"]
[Site "?"]
[Date "2014.08.08"]
[Round "3.15"]
[White "Lakatos, Tamas"]
[Black "Bartuszek, Andras"]
[Result "1-0"]
[WhiteElo "1555"]
[BlackElo "1884"]
[PlyCount "97"]
[EventDate "2014.08.07"]
[SourceDate "2014.08.07"]

1. e4 c5 2. Nf3 d6 3. Bb5+ Bd7 4. Bxd7+ Nxd7 5. d4 cxd4 6. Nxd4 g6 7. O-O Bg7
8. Nc3 Ngf6 9. f4 Qb6 10. Na4 Qa6 11. Nc3 Qb6 12. Na4 Qa5 13. Nc3 Qc5 14. Na4
Qc4 15. b3 Qc7 16. Qe2 O-O 17. c4 a6 18. Bb2 Nb6 19. Nxb6 Qxb6 20. Kh1 Nd7 21.
Nf3 Bxb2 22. Qxb2 Qe3 23. Nd2 Nf6 24. Rae1 Qc5 25. Nf3 Ng4 26. Qd4 Qh5 27. Qd5
e5 28. Qxd6 Rad8 29. Qc5 Rd3 30. h3 b6 31. Qe7 exf4 32. Kg1 Ne3 33. Rf2 Qa5 34.
Qe5 Nxc4 35. bxc4 Qb4 36. Rc1 Rfd8 37. Qb2 Qc5 38. Kh1 Qa5 39. Ne5 Rd1+ 40. Rf1
R1d2 41. Qc3 Qc5 42. Rxf4 Rxa2 43. Nxf7 Rd4 44. Nh6+ Kg7 45. Rf7+ Kxh6 46. Qe3+
Qg5 47. Rxh7+ Kxh7 48. Qxg5 Rdd2 49. Rf1 1-0

[Event "V. Art Pub Kupa"]
[Site "?"]
[Date "2014.08.08"]
[Round "3.16"]
[White "Bellan, Istvan"]
[Black "Kovacs, Gabor Etele"]
[Result "1/2-1/2"]
[WhiteElo "1884"]
[BlackElo "1662"]
[PlyCount "82"]
[EventDate "2014.08.07"]
[SourceDate "2014.08.07"]

1. e4 e6 2. d4 d5 3. Nc3 Bb4 4. e5 c5 5. a3 Bxc3+ 6. bxc3 Ne7 7. a4 Qa5 8. Bd2
Nbc6 9. Nf3 Bd7 10. h4 c4 11. Ng5 h6 12. Nh3 O-O-O 13. Nf4 f6 14. exf6 gxf6 15.
h5 e5 16. Ng6 Rhg8 17. Nxe7+ Nxe7 18. Qc1 Nf5 19. Qa3 Qc7 20. dxe5 fxe5 21. g3
d4 22. Bh3 Qc6 23. O-O-O Rdf8 24. Bxf5 Rxf5 25. cxd4 exd4 26. Bf4 Qxa4 27. Qxa4
Bxa4 28. Rxd4 Bb5 29. Re1 Rxh5 30. Re7 Rc5 31. Bxh6 Rc7 32. Rxc7+ Kxc7 33. c3
a5 34. g4 Ba6 35. g5 b5 36. f4 Rd8 37. g6 Rxd4 38. cxd4 Bb7 39. f5 Be4 40. g7
Bd5 41. Bf4+ Kd7 1/2-1/2

[Event "V. Art Pub Kupa"]
[Site "?"]
[Date "2014.08.08"]
[Round "3.17"]
[White "Karacsonyi, Kata"]
[Black "Fodor, Balazs"]
[Result "0-1"]
[WhiteElo "1377"]
[BlackElo "1877"]
[PlyCount "66"]
[EventDate "2014.08.07"]
[SourceDate "2014.08.07"]

1. e4 c6 2. d4 d5 3. exd5 cxd5 4. Bd3 Nf6 5. c3 e6 6. Nf3 Bd6 7. Bg5 Nbd7 8.
O-O Qc7 9. Nbd2 b6 10. Re1 Bb7 11. Qc2 O-O 12. Rac1 Rac8 13. Re2 h6 14. Bh4
Rfe8 15. Rce1 Nh5 16. Bg3 Bf4 17. Bxf4 Nxf4 18. Re3 Re7 19. Ne5 Nxe5 20. Rxe5
f6 21. R5e3 e5 22. dxe5 fxe5 23. c4 e4 24. Be2 d4 25. Rg3 d3 26. Bxd3 exd3 27.
Qd1 Ne2+ 28. Rxe2 dxe2 29. Qe1 Rce8 30. Nf3 Bxf3 31. Rxf3 Qxc4 32. Rc3 Qd4 33.
Rc1 Rd8 0-1

[Event "V. Art Pub Kupa"]
[Site "?"]
[Date "2014.08.08"]
[Round "3.18"]
[White "Zahonyi-Abel, Mark"]
[Black "Pinter, Tamas"]
[Result "1/2-1/2"]
[WhiteElo "1865"]
[BlackElo "1630"]
[PlyCount "79"]
[EventDate "2014.08.07"]
[SourceDate "2014.08.07"]

1. e4 c5 2. Nf3 Nc6 3. d4 cxd4 4. Nxd4 Nf6 5. Nc3 g6 6. Be3 Bg7 7. f3 d6 8. Qd2
Nxd4 9. Bxd4 a6 10. O-O-O Be6 11. g4 Qa5 12. Kb1 Rc8 13. Nd5 Qxd2 14. Rxd2 Bxd5
15. exd5 O-O 16. c4 Nd7 17. Bxg7 Kxg7 18. f4 h6 19. b3 Rc7 20. Bd3 a5 21. Re1
Nf6 22. h3 Rfc8 23. Rde2 Kf8 24. Rf2 b5 25. g5 bxc4 26. bxc4 Rb8+ 27. Ka1 hxg5
28. fxg5 Nd7 29. Bxg6 Ne5 30. Bxf7 Nd3 31. Be6+ Nxf2 32. Rf1 Rxc4 33. Rxf2+ Kg7
34. a3 Rb3 35. Ka2 Rcc3 36. a4 Ra3+ 37. Kb2 Rab3+ 38. Ka2 Ra3+ 39. Kb2 Rab3+
40. Ka2 1/2-1/2

[Event "V. Art Pub Kupa"]
[Site "?"]
[Date "2014.08.08"]
[Round "3.19"]
[White "Csajbok, Levente Tamas"]
[Black "Veress, Gaspar"]
[Result "1/2-1/2"]
[WhiteElo "1319"]
[BlackElo "1857"]
[PlyCount "71"]
[EventDate "2014.08.07"]
[SourceDate "2014.08.07"]

1. e4 c6 2. d4 d5 3. Nc3 dxe4 4. Nxe4 Nd7 5. Bf4 Ngf6 6. Ng3 g6 7. Nf3 Bg7 8.
c3 O-O 9. Be2 a5 10. O-O b5 11. a3 Nd5 12. Bd2 N7f6 13. Qc2 Ba6 14. Rfe1 Re8
15. Ne4 Nxe4 16. Qxe4 Nf6 17. Qxc6 e5 18. Nxe5 Re6 19. Qf3 Qe8 20. Bd3 Ra7 21.
h3 Rae7 22. Red1 Nh5 23. Ng4 Bb7 24. d5 Qa8 25. Ne3 Rf6 26. Qe2 Bxd5 27. Qf1
Ng3 28. Qe1 Qa7 29. fxg3 Bh6 30. Kh2 Bxe3 31. Bxe3 Rxe3 32. Qg1 Rxg3 33. Qxa7
Rxg2+ 34. Kh1 Re2+ 35. Kg1 Rg2+ 36. Kh1 1/2-1/2

[Event "V. Art Pub Kupa"]
[Site "?"]
[Date "2014.08.08"]
[Round "3.20"]
[White "Kunos, Zoltan"]
[Black "Dibusz, Domonkos"]
[Result "1-0"]
[WhiteElo "1846"]
[BlackElo "1456"]
[PlyCount "71"]
[EventDate "2014.08.07"]
[SourceDate "2014.08.07"]

1. e4 e5 2. f4 exf4 3. Nf3 g5 4. h4 g4 5. Ne5 d6 6. Nxg4 Be7 7. Bc4 Bxh4+ 8.
Kf1 Qg5 9. Nh2 Qc5 10. Qe2 Nf6 11. d4 Qxd4 12. Nf3 Qxe4 13. Rxh4 Qxe2+ 14. Bxe2
Nc6 15. c3 Be6 16. Bxf4 Kd7 17. Nbd2 Nd5 18. Kf2 Nce7 19. Bd3 h5 20. Rah1 Bg4
21. Bg3 f5 22. c4 Nb4 23. Bb1 Ng6 24. R4h2 Raf8 25. a3 Nc6 26. Re1 Re8 27. Rhh1
Nge5 28. Bh4 Bxf3 29. Bxf5+ Re6 30. Bxe6+ Kxe6 31. Nxf3 Kd7 32. Nxe5+ Nxe5 33.
Rh3 Rf8+ 34. Kg1 Rf5 35. b3 a6 36. Rf1 1-0

[Event "V. Art Pub Kupa"]
[Site "?"]
[Date "2014.08.08"]
[Round "3.21"]
[White "Szentgyorgyi, Sandor"]
[Black "Kratzmajer, Akos Gyorgy"]
[Result "1-0"]
[WhiteElo "1845"]
[BlackElo "1328"]
[PlyCount "101"]
[EventDate "2014.08.07"]
[SourceDate "2014.08.07"]

1. e4 e5 2. Nf3 Nc6 3. c3 Nf6 4. d4 Nxe4 5. d5 Ne7 6. Nxe5 d6 7. Qa4+ c6 8.
Nxf7 Kxf7 9. Qxe4 Nxd5 10. Bc4 Be6 11. Qf3+ Qf6 12. Nd2 Qxf3 13. Nxf3 Be7 14.
Ng5+ Bxg5 15. Bxg5 Rae8 16. O-O Nc7 17. Bd3 Nd5 18. Rfe1 Bd7 19. Bh4 Rxe1+ 20.
Rxe1 Nf4 21. Bc2 Re8 22. Rxe8 Bxe8 23. Kf1 d5 24. Bg3 Nh5 25. Bb8 a6 26. Bf5 a5
27. Bc7 a4 28. Bb6 Nf6 29. Bc2 Nd7 30. Be3 b5 31. h4 g6 32. h5 Kf6 33. h6 Ne5
34. Bd4 Ke6 35. b3 axb3 36. axb3 Bf7 37. f3 Bg8 38. Kf2 Nf7 39. Bg7 Kd6 40. f4
Kc5 41. Ke3 b4 42. Bf8+ Kb6 43. cxb4 Kc7 44. Kd4 Nd6 45. Ke5 Nb5 46. Bd3 Nc3
47. Kf6 Ne4+ 48. Bxe4 dxe4 49. Bc5 g5 50. fxg5 Bxb3 51. g6 1-0

[Event "V. Art Pub Kupa"]
[Site "?"]
[Date "2014.08.08"]
[Round "3.23"]
[White "Toth, Nikoletta"]
[Black "Firnigel, Janos"]
[Result "0-1"]
[WhiteElo "1193"]
[BlackElo "1795"]
[PlyCount "72"]
[EventDate "2014.08.07"]
[SourceDate "2014.08.07"]

1. e4 c5 2. Nc3 d6 3. Nf3 Nc6 4. Bb5 Bd7 5. d4 cxd4 6. Nxd4 a6 7. Bc4 Nf6 8.
O-O b5 9. Bb3 g6 10. f4 Qb6 11. Be3 Ng4 12. Nd5 Qa7 13. Nxc6 Nxe3 14. Nxe3
Qxe3+ 15. Kh1 Bxc6 16. e5 Qe4 17. Rf2 Rd8 18. Qf1 Bg7 19. exd6 Rxd6 20. f5 O-O
21. fxg6 Qxg6 22. c3 e6 23. Bc2 f5 24. Bb3 Kh8 25. Re1 e5 26. Rfe2 e4 27. Bc2
h5 28. Re3 Rd2 29. Rg3 Qxg3 30. hxg3 Rxc2 31. Qf4 e3 32. Qxe3 Re8 33. Qg1 Bxg2+
34. Kh2 Bf3+ 35. Kh3 Bg4+ 36. Kh4 Bf6# 0-1

[Event "V. Art Pub Kupa"]
[Site "?"]
[Date "2014.08.08"]
[Round "3.26"]
[White "Mako, Zoltan"]
[Black "Papp, Andrea"]
[Result "1-0"]
[WhiteElo "1974"]
[BlackElo "1548"]
[PlyCount "69"]
[EventDate "2014.08.07"]
[SourceDate "2014.08.07"]

1. e4 e5 2. Nf3 Nc6 3. c4 Nf6 4. Nc3 d6 5. d3 Be7 6. Be2 O-O 7. h3 h6 8. Be3
Re8 9. Qd2 Bf8 10. g4 Nh7 11. O-O-O a5 12. Rdg1 Ne7 13. h4 c5 14. h5 f6 15. Nh4
b6 16. f4 Nc6 17. Ng6 exf4 18. Bxf4 Ng5 19. Nb5 Nf7 20. Bd1 Nfe5 21. Nh4 Nb4
22. Rh3 Nxa2+ 23. Kb1 Nb4 24. Nf5 Bb7 25. Rhg3 Nbxd3 26. Bxe5 dxe5 27. Rxd3
Bxe4 28. Rgg3 Bxd3+ 29. Rxd3 Qb8 30. Rd7 Rd8 31. Bf3 Rxd7 32. Qxd7 Qd8 33. Bd5+
Kh7 34. Qf7 Qe8 35. Qg8# 1-0

[Event "V. Art Pub Kupa"]
[Site "?"]
[Date "2014.08.08"]
[Round "3.27"]
[White "Pasztor, Balazs"]
[Black "Szurkos, Andras"]
[Result "1/2-1/2"]
[WhiteElo "1410"]
[BlackElo "1775"]
[PlyCount "96"]
[EventDate "2014.08.07"]
[SourceDate "2014.08.07"]

1. e4 e5 2. Nf3 f5 3. Bc4 fxe4 4. Nxe5 d5 5. Qh5+ g6 6. Nxg6 hxg6 7. Qxh8 Kf7
8. Qd4 Nf6 9. Nc3 Be6 10. Bxd5 Bxd5 11. Nxd5 Qxd5 12. Qxd5+ Nxd5 13. O-O Nd7
14. a3 Bd6 15. b3 Rh8 16. h3 Be5 17. Rb1 g5 18. Bb2 Nf4 19. Bxe5 Nxe5 20. Rfe1
Nxh3+ 21. gxh3 Nf3+ 22. Kg2 Nxe1+ 23. Rxe1 Rd8 24. Rd1 Rd6 25. d3 Kf6 26. Kf1
Rc6 27. c4 Rb6 28. b4 Ra6 29. dxe4 Rxa3 30. Kg2 Rb3 31. b5 Rc3 32. Rd4 Ke5 33.
Rd5+ Kxe4 34. Rxg5 Rxc4 35. Rg4+ Kd5 36. Rxc4 Kxc4 37. h4 Kd5 38. Kf3 Ke5 39.
Ke3 a5 40. bxa6 bxa6 41. Kd3 a5 42. Kc4 c6 43. Kc5 Kf5 44. f3 Kf4 45. Kc4 Ke5
46. h5 Kf5 47. f4 Kf6 48. Kc5 Kf5 1/2-1/2

[Event "V. Art Pub Kupa"]
[Site "?"]
[Date "2014.08.08"]
[Round "3.28"]
[White "Gyenes, Mate"]
[Black "Farkas, Janos"]
[Result "0-1"]
[WhiteElo "1246"]
[BlackElo "1769"]
[PlyCount "42"]
[EventDate "2014.08.07"]
[SourceDate "2014.08.07"]

1. e4 e5 2. Nf3 Nc6 3. Bc4 Nf6 4. Ng5 Bc5 5. Bxf7+ Ke7 6. Bd5 Rf8 7. O-O d6 8.
Nc3 h6 9. Nf3 Bg4 10. h3 Bh5 11. d3 Nd4 12. Be3 c6 13. Bxd4 exd4 14. g4 Nxg4
15. Nh2 Nf6 16. f3 dxc3+ 17. Kh1 cxb2 18. Rb1 cxd5 19. Rxb2 Rb8 20. Re1 dxe4
21. dxe4 Kf7 0-1

[Event "V. Art Pub Kupa"]
[Site "?"]
[Date "2014.08.09"]
[Round "4.1"]
[White "Kovacs, David"]
[Black "Nominerdene, Davaademberel"]
[Result "1-0"]
[WhiteElo "2201"]
[BlackElo "2095"]
[PlyCount "47"]
[EventDate "2014.08.07"]
[SourceDate "2014.08.07"]

1. e4 c6 2. d4 d5 3. e5 Bf5 4. Nd2 e6 5. Nb3 Nd7 6. Nf3 Ne7 7. Be2 Qc7 8. O-O
c5 9. dxc5 Nxe5 10. Nxe5 Qxe5 11. Bb5+ Nc6 12. Nd4 Rc8 13. Re1 Qf6 14. b4 Qg6
15. Nxc6 bxc6 16. Qxd5 cxb5 17. Qb7 Rd8 18. Qxb5+ Ke7 19. Bf4 Be4 20. Bd6+ Kf6
21. Bg3 Qf5 22. Qc4 Bxc2 23. Re5 Qd3 24. Qh4+ 1-0

[Event "V. Art Pub Kupa"]
[Site "?"]
[Date "2014.08.09"]
[Round "4.2"]
[White "Mester, Attila"]
[Black "Teglas, Balazs"]
[Result "1/2-1/2"]
[WhiteElo "2006"]
[BlackElo "2182"]
[PlyCount "82"]
[EventDate "2014.08.07"]
[SourceDate "2014.08.07"]

1. d4 Nf6 2. Bg5 Ne4 3. Bf4 d5 4. e3 c6 5. Bd3 Qb6 6. Qc1 Nd7 7. Bxe4 dxe4 8.
Nd2 Nf6 9. Ne2 Bf5 10. O-O h6 11. c4 c5 12. dxc5 Qxc5 13. b4 Qc8 14. Nd4 g5 15.
Be5 Bg7 16. Nb5 O-O 17. Qb2 Ne8 18. Bxg7 Nxg7 19. Qe5 Rd8 20. Qb2 Qd7 21. Nb3
a6 22. N5d4 Bg6 23. Rac1 e5 24. Ne2 Qe7 25. a3 f5 26. Rfd1 f4 27. Rd5 Rxd5 28.
cxd5 Rd8 29. Rd1 Nf5 30. Qc3 Bh5 31. Kf1 f3 32. gxf3 Bxf3 33. Nc5 Qe8 34. Ke1
Bxe2 35. Kxe2 Qh5+ 36. Ke1 Qxh2 37. Ne6 Qh1+ 38. Ke2 Qf3+ 39. Ke1 Qh1+ 40. Ke2
Qf3+ 41. Ke1 Qh1+ 1/2-1/2

[Event "V. Art Pub Kupa"]
[Site "?"]
[Date "2014.08.09"]
[Round "4.3"]
[White "Halak, Miklos"]
[Black "Kokeny, Norbert Adrian"]
[Result "1-0"]
[WhiteElo "2197"]
[BlackElo "1916"]
[PlyCount "59"]
[EventDate "2014.08.07"]
[SourceDate "2014.08.07"]

1. d4 d5 2. Bf4 Nf6 3. e3 c5 4. c3 e6 5. Nf3 Nc6 6. Nbd2 Bd6 7. Bg3 O-O 8. Ne5
Qe7 9. Bd3 Nd7 10. Nxd7 Bxd7 11. Bxd6 Qxd6 12. dxc5 Qxc5 13. Bxh7+ Kxh7 14.
Qh5+ Kg8 15. Ne4 g6 16. Nxc5 gxh5 17. Nxd7 Rfd8 18. Nf6+ Kg7 19. Nxh5+ Kg6 20.
Nf4+ Kf5 21. O-O-O b5 22. f3 b4 23. g4+ Kf6 24. cxb4 Nxb4 25. a3 Rdc8+ 26. Kb1
Nc2 27. Rd3 Rc4 28. h4 Ke5 29. Ne2 Rac8 30. Rc1 1-0